Statistics for Highest Mountains in the United States

Click here to take the quiz!

General Stats

  • This quiz has been taken 55 times
  • The average score is 5 of 20

Answer Stats

ElevationStateMountain% Correct
20,310AlaskaDenali
98%
14,505CaliforniaMount Whitney
80%
14,417WashingtonMount Rainier
78%
14,440ColoradoMount Elbert
64%
18,009AlaskaMount Saint Elias
47%
14,428ColoradoMount Massive
31%
17,400AlaskaMount Foraker
20%
14,421ColoradoMount Harvard
20%
14,343ColoradoLa Plata Peak
13%
14,351ColoradoBlanca Peak
11%
16,390AlaskaMount Blackburn
11%
15,325AlaskaMount Fairweather
11%
14,379CaliforniaMount Williamson
11%
16,237AlaskaMount Sanford
9%
14,831AlaskaMount Bear
7%
16,550AlaksaMount Bona
7%
14,951AlaskaMount Hubbard
7%
14,573AlaskaMount Hunter
7%
14,500AlaskaMount Alverstone
4%
14,470AlaskaUniversity Peak
4%

Score Distribution

Percentile by Number Answered

Percent of People with Each Score

Your Score History

You have not taken this quiz